[Event "FRM Cup 11th"]
[Site "Stip"]
[Date "2002.05.12"]
[Round "5"]
[White "Colovic, Aleksandar"]
[Black "Karanfiloski, Stane"]
[Result "1/2-1/2"]
[WhiteElo "2362"]
[BlackElo "2151"]
[PlyCount "76"]
[EventDate "2002.05.08"]
[EventType "team"]
[EventRounds "5"]
[EventCountry "MKD"]
[SourceTitle "CBM 088 Extra"]
[Source "ChessBase"]
[SourceDate "2002.07.01"]
[SourceVersion "2"]
[SourceVersionDate "2002.07.01"]
[SourceQuality "1"]

1. e4 c5 2. Nf3 d6 3. c3 Nf6 4. Be2 Qa5 5. Qc2 Nc6 6. 0-0 Bg4 7. Na3 g6 8. Nc4 Qc7 9. Ne3 Bxf3 10. Bxf3 Rc8 11. Qa4 Qd7 12. d4 cxd4 13. cxd4 b5 14. Qd1 Bg7 15. a4 a6 16. g3 0-0 17. Bg2 Rfd8 18. Qd3 Qb7 19. Bd2 Qb6 20. axb5 axb5 21. d5 Ne5 22. Qb3 Qb8 23. Rfc1 Rxc1+ 24. Rxc1 Nfg4 25. Nxg4 Nxg4 26. h3 Ne5 27. Bf1 Rc8 28. Kg2 Rxc1 29. Bxc1 Qc8 30. Bg5 h6 31. Bd2 Nc4 32. Bc3 Qc5 33. Bxg7 Kxg7 34. Qc3+ f6 35. b3 Na3 36. Qa5 Nc2 37. Qxb5 Ne1+ 38. Kg1 Nf3+ 1/2-1/2

[Event "Skopje op"]
[Site "Skopje"]
[Date "1998.12.16"]
[Round "5"]
[White "Karanfiloski, Stane"]
[Black "Davcevski, Dusan"]
[Result "0-1"]
[WhiteElo "2170"]
[BlackElo "2290"]
[PlyCount "80"]
[EventDate "1998.12.??"]
[EventType "swiss"]
[EventRounds "9"]
[EventCountry "MKD"]
[SourceTitle "EXT 2000"]
[Source "ChessBase"]
[SourceDate "1999.11.16"]
[SourceVersion "1"]
[SourceVersionDate "1999.11.16"]
[SourceQuality "1"]

1. e4 c6 2. d4 g6 3. Nc3 d5 4. Be3 Nf6 5. e5 Ng4 6. Bf4 h5 7. h3 Nh6 8. Qd2 Nf5 9. Nf3 e6 10. Bd3 a6 11. 0-0-0 c5 12. dxc5 Bxc5 13. Bxf5 gxf5 14. g4 Qa5 15. gxf5 Bb4 16. fxe6 Bxe6 17. Nd4 Nc6 18. Nb3 Bxc3 19. Nxa5 Bxd2+ 20. Bxd2 Nxa5 21. Bxa5 Rg8 22. Bd2 0-0-0 23. h4 Bg4 24. Rde1 d4 25. Rhg1 Rg6 26. Bg5 Rd5 27. Rg3 Rc6 28. Bd2 b5 29. a3 Bf5 30. c3 a5 31. Kd1 Bg4+ 32. Kc2 b4 33. axb4 axb4 34. c4 Rxc4+ 35. Kb3 Rdc5 36. Bxb4 Rc6 37. Ra1 Be6 38. Ra8+ Kb7 39. Rgg8 Rc8 40. Re8 Kxa8 0-1